| 000 | 00442nam a2200181Ia 4500 | ||
|---|---|---|---|
| 003 | IN-BaIIA | ||
| 008 | 211028s9999 xx 000 0 eng d | ||
| 040 | _cIIA Library | ||
| 080 |
_a535.31 _bLON |
||
| 100 |
_aLonghurst,R.S. _93438 |
||
| 245 | 0 |
_aGeometrical and physical optics _cR. S. Longhurst |
|
| 250 | _a2nd ed. | ||
| 260 |
_aLondon _bGreen _c1968 |
||
| 300 | _axvi, 592p. | ||
| 650 | _aOptics | ||
| 650 |
_aPhysics _973 |
||
| 942 | _cBK | ||
| 999 |
_c4296 _d4296 |
||